100 joueurs péruviens avec la plus grosse valeur marchande - Statistiques

Statistiques générales
  • Ce quiz a été pris 10 fois
  • Le résultat moyen est 13 sur 100
Statistiques - réponses
Club Prix Réponse % Correct
Celta Vigo 5 millions Renato Tapia
70%
Al-Qadsiah 2 millions André Carrillo
50%
Cagliari 2,7 millions Gianluca Lapadula
50%
Club Alianza Lima 450k Aldair Rodriguez
40%
Gil Vicente 1 million Jesus Carillo
40%
Feyenoord Rotterdam 4 millions Marcos Lopez
40%
Seattle Sounders 3 millions Raul Ruidiaz
40%
Universitario de Deportes 800k Andy Polo
30%
Boca Juniors 1,2 millions Luis Advincula
30%
San Jose Earthquakes 1,8 millions Miguel Trauco
30%
Universitario de Deportes 1,3 millions Piero Quispe
30%
Club Sporting Cristal 1 million Yoshimar Yotun
30%
FBC Melgar 650k Alejandro Ramos
20%
AEK Athenes 1,8 millions Alexander Callens
20%
Academia Deportiva Cantolao 500k Aron Sanchez
20%
Club Ciencano 475k Ayrthon Quintana
20%
Club Alianza Lima 1,1 millions Bryan Reyna
20%
Club Alianza Lima 425k Carlos Zambrano
20%
Club Alianza Lima 550k Christian Cueva
20%
Club Alianza Lima 900k Franco Zanelatto
20%
Club Sporting Cristal 1 million Jhilmar Lora
20%
Club Sporting Cristal 1,5 millions Joao Grimaldo
20%
Atlanta United 3 millions Luis Abram
20%
Club Sporting Cristal 475k Nilson Loyola
20%
Silkeborg IF 800k Oliver Sonne
20%
FBC Melgar 700k Paolo Reyna
20%
Santos Laguna 3 millions Pedro Aquino
20%
Orlando City 1,5 millions Pedro Gallese
20%
Orlando City 2,5 millions Wilder Cartagena
20%
Torpedo Moscou 600k Yordy Reyna
20%
Club Sporting Cristal 500k Adrian Ascues
10%
Club Sporting Cristal 600k Alejandro Duarte
10%
Club Sporting Cristal 500k Alejandro Hohberg
10%
Universitario de Deportes 425k Alexander Succar
10%
Universitario de Deportes 900k Alex Valera
10%
Atlas Guadalajara 1,8 millions Anderson Santamaria
10%
Club Alianza Lima 750k Angelo Campos
10%
Sport Huancayo 550k Angel Zamudio
10%
FBC Melgar 450k Carlos Caceda
10%
Universidad Cesar Vallejo 500k Carlos Grados
10%
Al-Adalah 600k Christofer Gonzales
10%
Cusco FC 475k Christopher Olivares
10%
Universitario de Deportes 1,1 millions Edison Flores
10%
Universidad Tecnica de Cajamarca 475k Erinson Ramirez
10%
Sport Boys Association 550k Fabrizio Roca
10%
Club Cienciano 500k Fernando Pacheco
10%
Club Alianza Lima 475k Franco Saravia
10%
Universidad Cesar Vallejo 500k Frank Ysique
10%
Club Alianza Lima 500k Gabriel Costa
10%
Club Sporting Cristal 850k Gianfranco Chavez
10%
Club Sporting Cristal 500k Gu Choi
10%
Club Alianza Lima 900k Jairo Concha
10%
FBC Melgar 475k Jean Pierre Archimbaud
10%
Club Alianza Lima 700k Jesus Castillo
10%
FBC Melgar 600k Jhamir D'Arrigo
10%
Cusco FC 475k Jordan Guivin
10%
Club Sporting Cristal 650k Jostin Alarcon
10%
Cusco FC 500k Josué Estrada
10%
FBC Melgar 650k Kenji Cabrera
10%
Deportivo Garcilaso 550k Kevin Quevedo
10%
Club Cienciano 700k Kevin Sandoval
10%
Club Cienciano 600k Leonel Solis
10%
Sport Huancayo 600k Luis Benites
10%
Riga FC 700k Luis Iberico
10%
Universitario de Deportes 450k Marco Saravia
10%
Sport Huancayo 500k Marcos Lliuya
10%
Club Sporting Cristal 500k Martin Tavara
10%
Carlos A. Mannucci 600k Matias Succar
10%
Portland Timbers 850k Miguel Araujo
10%
Universitario de Deportes 750k Nelson Cabanillas
10%
Club Sporting Cristal 500k Rafael Lutiger
10%
Club Atletico Grau 550k Ray Sandoval
10%
Club Sporting Cristal 850k Renato Solis
10%
Universidad Cesar Vallejo 700k Renzo Garces
10%
Club Alianza Lima 600k Ricardo Lagos
10%
Sport Huancayo 500k Ronal Huaccha
10%
FC Juarez 800k Santiago Ormeno
10%
Malmo 2 millions Sergio Pena
10%
FBC Melgar 700k Alec Deneumostier
0%
FBC Melgar 800k Alexis Arias
0%
Deportivo Binacional 450k Andy Polar
0%
Universidad Cesar Vallejo 500k Carlos Cabello
0%
Carlos A. Mannucci 450k Carlos Correa
0%
CD Union Comercio 650k Christian Neira
0%
Universitario de Deportes 475k Diego Romero
0%
Asociacion Deportiva Tarma 475k Emilio Saba
0%
Riga FC 750k Gustavo Dulanto
0%
Alianza Atletico Sullana 500k Jeremy Canela
0%
Alianza Atletico Sullana 475k Joaquin Aguirre
0%
Universitario de Deportes 550k Jorge Murrugarra
0%
Universitario de Deportes 550k Jose Bolivar
0%
Universitario de Deportes 475k José Rivera
0%
FBC Melgar 450k Matias Lazo
0%
Club Atletico Grau 450k Oslimg Mora
0%
Universidad Tecnica de Cajamarca 475k Patrick Zubczuk
0%
Club Atletico Grau 450k Paulo De La Cruz
0%
Carlos A. Mannucci 475k Raziel Garcia
0%
Asociacion Deportiva Tarma 425k Victor Cedron
0%
FBC Melgar 550k Walter Tandazo
0%
Club Alianza Lima 750k Yordi Vilchez
0%
Aucun quiz correspondant
Distribution des résultats
% des personnes avec chaque résultat
Percentile par nombre de réponses
Votre historique - résultats
Vous n’avez pas pris ce quiz